Catalog

Record Details

Catalog Search



The ways we hide  Cover Image Large Print Book Large Print Book

The ways we hide / Kristina McMorris.

Summary:

Raised amid the hardships of Michigan's Copper Country, Fenna Vos has learned to focus on her own survival-even now, with the Second World War raging in faraway countries. Though she performs onstage as the assistant to an unruly escape artist, behind the curtain she's the mastermind of their act. After all, her honed ability to control her surroundings and elude entrapments, physical or otherwise, reliably suppresses the traumas of her youth. For all her planning, however, Fenna fails to predict being called upon by British Intelligence. Tasked with creating escape tools to thwart the Germans, MI9 seeks those with specialized skills for a war nearing its breaking point. Fenna reluctantly joins the unconventional team as an inventor. But when a test of her loyalty draws her deep into the fray, she discovers no mission is more treacherous than escaping one's past. Inspired by stunning true accounts, The Ways We Hide is a riveting story of love and loss, the wars we fight—on the battlefields and within ourselves—and the courage found in unexpected places.

Record details

  • ISBN: 9781432896621
  • ISBN: 1432896628
  • Physical Description: 743 pages (large print) : illustrations ; 23 cm.
  • Edition: Large Print edition.
  • Publisher: Waterville, ME : Wheeler Publishing, a part of Gale, a Cengage Company, 2022.

Content descriptions

General Note:
Includes Recipes from Fenna, reading group guide, and images from Fenna's Journey.
Bibliography, etc. Note:
Includes bibliographical references (page 735-736).
Subject: Great Britain. MI9 > Fiction.
Survival > Fiction.
Escape artists > Fiction.
Women inventors > Fiction.
World War, 1939-1945 > Secret service > Great Britain > Fiction.
Secret service
Great Britain
Genre: Large type books.
Romance
Historical fiction.

Available copies

  • 1 of 1 copy available at scottsboropl.

Holds

  • 0 current holds with 1 total copy.
Show Only Available Copies
Location Call Number / Copy Notes Barcode Shelving Location Status Due Date
scottsboropl F McM 32269001278988 Adult - Fiction Available -

LDR 03666cam a2200649 i 4500
001166036
003SBPL
00520250610120436.0
008220330t20222022meua edb 000 1 eng d
020 . ‡a9781432896621 ‡q(large print) ‡q(hardcover)
020 . ‡a1432896628 ‡q(large print) ‡q(hardcover)
035 . ‡a(OCoLC)1306277649
05014. ‡aPS3613.C585453 ‡bW39 2022c
08204. ‡a813/.6 ‡223
1001 . ‡aMcMorris, Kristina,: ‡eauthor.
24514. ‡aThe ways we hide / ‡cKristina McMorris.
250 . ‡aLarge Print edition.
264 1. ‡aWaterville, ME : ‡bWheeler Publishing, a part of Gale, a Cengage Company, ‡c2022.
300 . ‡a743 pages (large print) : ‡billustrations ; ‡c23 cm.
336 . ‡atext ‡btxt ‡2rdacontent
337 . ‡aunmediated ‡bn ‡2rdamedia
338 . ‡avolume ‡bnc ‡2rdacarrier
340 . ‡nlarge print (16 point) ‡2rdafs
500 . ‡aIncludes Recipes from Fenna, reading group guide, and images from Fenna's Journey.
504 . ‡aIncludes bibliographical references (page 735-736).
520 . ‡aRaised amid the hardships of Michigan's Copper Country, Fenna Vos has learned to focus on her own survival-even now, with the Second World War raging in faraway countries. Though she performs onstage as the assistant to an unruly escape artist, behind the curtain she's the mastermind of their act. After all, her honed ability to control her surroundings and elude entrapments, physical or otherwise, reliably suppresses the traumas of her youth. For all her planning, however, Fenna fails to predict being called upon by British Intelligence. Tasked with creating escape tools to thwart the Germans, MI9 seeks those with specialized skills for a war nearing its breaking point. Fenna reluctantly joins the unconventional team as an inventor. But when a test of her loyalty draws her deep into the fray, she discovers no mission is more treacherous than escaping one's past. Inspired by stunning true accounts, The Ways We Hide is a riveting story of love and loss, the wars we fight—on the battlefields and within ourselves—and the courage found in unexpected places.
61010. ‡aGreat Britain. ‡bMI9 ‡vFiction.
650 0. ‡aSurvival ‡vFiction.
650 0. ‡aEscape artists ‡vFiction.
650 0. ‡aWomen inventors ‡vFiction.
650 0. ‡aWorld War, 1939-1945 ‡xSecret service ‡zGreat Britain ‡vFiction.
650 0. ‡aSecret service ‡2fast
651 0. ‡aGreat Britain
655 7. ‡aLarge type books.
655 7. ‡aRomance
655 7. ‡aHistorical fiction. ‡2lcgft
901 . ‡a166036 ‡bAUTOGEN ‡c166036 ‡tbiblio

Additional Resources